LEADER 01407oam 2200421zu 450 001 996281148803316 005 20210807002732.0 010 $a1-4673-2980-0 035 $a(CKB)3280000000025459 035 $a(SSID)ssj0001107037 035 $a(PQKBManifestationID)12427979 035 $a(PQKBTitleCode)TC0001107037 035 $a(PQKBWorkID)11082272 035 $a(PQKB)10380314 035 $a(NjHacI)993280000000025459 035 $a(EXLCZ)993280000000025459 100 $a20160829d2012 uy 101 0 $aeng 135 $aur||||||||||| 181 $ctxt 182 $cc 183 $acr 200 10$a2012 e-Leadership Conference on Sustainable e-Government and e-Business Innovations 210 31$a[Place of publication not identified]$cIEEE$d2012 215 $a1 online resource (135 pages) 300 $aBibliographic Level Mode of Issuance: Monograph 311 $a1-4673-2979-7 606 $aInternet in public administration$vCongresses 606 $aPublic administration$xData processing$vCongresses 615 0$aInternet in public administration 615 0$aPublic administration$xData processing 676 $a303.48/33 712 12$aE-Leadership Conference 801 0$bPQKB 906 $aPROCEEDING 912 $a996281148803316 996 $a2012 e-Leadership Conference on Sustainable e-Government and e-Business Innovations$92506951 997 $aUNISA